000
00273nam a22001337a 4500
008
170728b xxu||||| |||| 00| 0 eng d
020
_a
0935702115
041
_a
eng
080
_a
621
100
_a
26
101
_a
IM
245
_a
LASERS
_c
SIEGMAN,A.E
942
_2
udc
_c
BK
999
_c
22103
_d
22103